Vedenie a manažérske štýly bakalárska práca

Salvato in:
Dettagli Bibliografici
Autore principale: Košická, Jana
Ente Autore: Podnikovohospodárska fakulta EU so sídlom v Košiciach. Katedra manažmentu
Altri autori: Demjanová, Lucia, 1981-
Natura: Libro
Lingua:slovacco
Pubblicazione: Košice 2013
Tags: Aggiungi Tag
Nessun Tag, puoi essere il primo ad aggiungerne!!

MARC

LEADER 00000nbm a2200000 4500
001 0172245
005 20161109112038.4
041 0 |a slo 
044 |a SK 
245 1 0 |a Vedenie a manažérske štýly  |b bakalárska práca  |c Jana Košická ; školiteľ: Lucia Demjanová 
264 1 |a Košice  |c 2013 
300 |a 63 s. 
100 1 |a Košická, Jana 
700 1 |a Demjanová, Lucia, 1981- 
710 2 |a Podnikovohospodárska fakulta EU so sídlom v Košiciach. Katedra manažmentu